Atlas Learning-centered communication Workbook 4
Guardat en:
| Autor principal: | |
|---|---|
| Altres autors: | |
| Format: | Llibre |
| Idioma: | Undetermined |
| Publicat: |
Boston, MA
Heinle &Heinle
1995
|
| Accés en línia: | http://lrc.tdmu.edu.vn/opac/search/detail.asp?aID=2&ID=7588 |
| Etiquetes: |
Afegir etiqueta
Sense etiquetes, Sigues el primer a etiquetar aquest registre!
|
| Thư viện lưu trữ: | Trung tâm Học liệu Trường Đại học Thủ Dầu Một |
|---|
| LEADER | 00619nam a2200217Ia 4500 | ||
|---|---|---|---|
| 001 | TDMU_7588 | ||
| 008 | 210410s9999 xx 000 0 und d | ||
| 082 | |a 428.076 | ||
| 090 | |b L105 | ||
| 100 | |a Llanas, Angela | ||
| 245 | 0 | |a Atlas | |
| 245 | 0 | |b Learning-centered communication | |
| 245 | 0 | |c Angela Llanas, Libby Williams | |
| 245 | 0 | |n Workbook 4 | |
| 260 | |a Boston, MA | ||
| 260 | |b Heinle &Heinle | ||
| 260 | |c 1995 | ||
| 300 | |a 75 p | ||
| 700 | |a Williams, Libby | ||
| 856 | |u http://lrc.tdmu.edu.vn/opac/search/detail.asp?aID=2&ID=7588 | ||
| 980 | |a Trung tâm Học liệu Trường Đại học Thủ Dầu Một | ||